Peter Pan - Characters by Picture - Statistics

General Stats
  • This quiz has been taken 92 times
  • The average score is 15 of 58
Answer Stats
Picture Answer % Correct
Peter Pan
99%
Wendy Darling
97%
Captain James Hook
91%
Tinker Bell
91%
Mr. Smee
80%
John Darling
74%
Michael Darling
70%
Princess Tiger Lily
52%
Nana
48%
Captain Hook
39%
Tick-Tock
39%
Mr. Smee
38%
Jake
33%
Indian Chief
30%
Wendy Darling
29%
Peter Pan
28%
John Darling
26%
Mary Darling
26%
Tick-Tock
26%
Izzy
25%
Jane
25%
Slightly
25%
Michael Darling
23%
Cubby
22%
George Darling
22%
Tootles
22%
Cubby
20%
Nibs
20%
Octopus
16%
Marina
14%
Skully
14%
Bones
12%
Mama Hook
10%
Never Bird
10%
Sharky
10%
The Pirate Princess
10%
Captain Flynn
9%
Daniel 'Danny' Darling
9%
Edward
9%
Red Jessica
9%
Sandy
9%
Beatrice le Beak
7%
Pip the Pirate Genie
7%
The Sea Witch
7%
Ghostly Bob
6%
Peg-Leg Peg
6%
Pirate Mummy
6%
Stormy
6%
The Wise Old Parrot
6%
Winger
6%
Doctor Undergear
4%
Dread the Evil Genie
4%
Grim Buccaneer
4%
Lord Fathom
4%
Misty
4%
Percy
4%
Queen Coralie
4%
ShiverJack
4%
No matching quizzes found
Score Distribution
Percent of People with Each Score
Percentile by Number Answered
Your Score History
You have not taken this quiz